| 000 | 00360nam a2200133Ia 4500 | ||
|---|---|---|---|
| 008 | 220217s9999||||xx |||||||||||||| ||und|| | ||
| 020 | _a978-08-493-9217-7 | ||
| 082 | _a621.382 SIN | ||
| 100 |
_aSinha, Alok _97566 |
||
| 245 | 0 | _aLinear systems | |
| 260 |
_aCRC press _bBoca Raton _c2007 |
||
| 300 |
_a472p.;28cm _b495 |
||
| 650 |
_aSIGNAL PROCESSING _9719 |
||
| 999 |
_c181184 _d181184 |
||